EKC 2010 Proceedings of the EU-Korea Conference on Science and Technology /

Current research fields in science and technology were presented and discussed at the EKC2009, informing about the interests and directions of the scientists and engineers in EU countries and Korea. The Conference has emerged from the idea of bringing together EU and Korea to get to know each other...

Full description

Bibliographic Details
Corporate Author: SpringerLink (Online service)
Other Authors: Han, Man-Wook (Editor), Lee, Jehyun (Editor)
Format: Electronic eBook
Language:English
Published: Berlin, Heidelberg : Springer Berlin Heidelberg, 2011.
Series:Springer Proceedings in Physics, 138
Subjects:
Online Access:Full Text via HEAL-Link
LEADER 02237nam a22004935i 4500
001 978-3-642-17913-6
003 DE-He213
005 20151125161722.0
007 cr nn 008mamaa
008 110719s2011 gw | s |||| 0|eng d
020 |a 9783642179136  |9 978-3-642-17913-6 
024 7 |a 10.1007/978-3-642-17913-6  |2 doi 
040 |d GrThAP 
050 4 |a TJ1-1570 
072 7 |a TGB  |2 bicssc 
072 7 |a TEC009070  |2 bisacsh 
082 0 4 |a 621  |2 23 
245 1 0 |a EKC 2010  |h [electronic resource] :  |b Proceedings of the EU-Korea Conference on Science and Technology /  |c edited by Man-Wook Han, Jehyun Lee. 
264 1 |a Berlin, Heidelberg :  |b Springer Berlin Heidelberg,  |c 2011. 
300 |a VIII, 145 p.  |b online resource. 
336 |a text  |b txt  |2 rdacontent 
337 |a computer  |b c  |2 rdamedia 
338 |a online resource  |b cr  |2 rdacarrier 
347 |a text file  |b PDF  |2 rda 
490 1 |a Springer Proceedings in Physics,  |x 0930-8989 ;  |v 138 
505 0 |a Green Technology for Sustainability -- Science and Technology in Culture -- Physics and Nano Science -- Information and Communications Technology -- Bio Science and Health Technology. 
520 |a Current research fields in science and technology were presented and discussed at the EKC2009, informing about the interests and directions of the scientists and engineers in EU countries and Korea. The Conference has emerged from the idea of bringing together EU and Korea to get to know each other better, especially in fields of science and technology. 
650 0 |a Engineering. 
650 0 |a Fluid mechanics. 
650 0 |a Mechanical engineering. 
650 0 |a Electrical engineering. 
650 1 4 |a Engineering. 
650 2 4 |a Mechanical Engineering. 
650 2 4 |a Engineering Fluid Dynamics. 
650 2 4 |a Communications Engineering, Networks. 
700 1 |a Han, Man-Wook.  |e editor. 
700 1 |a Lee, Jehyun.  |e editor. 
710 2 |a SpringerLink (Online service) 
773 0 |t Springer eBooks 
776 0 8 |i Printed edition:  |z 9783642179129 
830 0 |a Springer Proceedings in Physics,  |x 0930-8989 ;  |v 138 
856 4 0 |u http://dx.doi.org/10.1007/978-3-642-17913-6  |z Full Text via HEAL-Link 
912 |a ZDB-2-PHA 
950 |a Physics and Astronomy (Springer-11651)